Colleges by Clue - Statistics

General Stats
  • This quiz has been taken 11 times
  • The average score is 19 of 25
Answer Stats
Hint Univeristy % Correct
5) The oldest university in the US, foundedin 1636 Harvard
100%
1) Founded in 1096, it is the oldestin England and one of the worlds first Oxford
100%
14) Prestigious research university in Durham, NC Duke
90%
12) Has the largest football stadium ata capacity of 107,000 Michigan
90%
10) Prestigious research university inCambridge, MA known for its science/tech MIT
90%
24) Its main campus at Chapel Hill is one of thetop research universities North Carolina
90%
2) Founded by Benjamin Franklin in 1751 Penn
90%
22) Prestigious research university in Palo Alto, CA Stanford
90%
25) Ivy League university in New Haven, CT foundedin 1701 Yale
90%
3) Sheldon and Leonard from the Big Bang Theory work here Caltech
80%
7) Prestigious university in Washington, DCthat shares a name with a neighborhood Georgetown
80%
23) Historic college in PA used as an outpost duringthe Civil War, founded before the famous battle Gettysburg
80%
15) This Baltimore university is renowned forits medical school Johns Hopkins
80%
13) Rival of the above, home to the Buckeyes Ohio State
80%
6) Largest Mormon school Brigham Young
70%
17) Pittsburgh university founded by a famousindustrialist Carnegie Mellon
70%
19) Prestigious Ivy League school in Hanover, NH Dartmouth
70%
4) Gatorade was invented here in 1965to help athletes replenish electrolytes Florida
70%
18) Founded originally as Queens College, thenthe State University of New Jersey Rutgers
70%
9) Founded by Thomas Jefferson in 1819 Virginia
70%
21) Has the most modern era football championships Alabama
60%
16) Has the most womens basketball championshipsof all time Uconn
60%
8) Founded in 1088, this Italian schoolis considered the oldest continually operating university in the world Bologna
50%
20) Founded in 1538, this Dominican Republic university is the oldest in the Americas Santo Domingo
40%
11) Founded in 1663 in Quebec, it is Canadas oldest university Laval
20%
No matching quizzes found
Score Distribution
Percent of People with Each Score
Percentile by Number Answered
Your Score History
You have not taken this quiz